000 00811nam a2200229Ii 4500
003 JO-AjNU
008 230605s9999||||xx |||||||||||||| ||und||
017 _a95/2122
020 _a977-232-064-9
040 _aJO-AjNU
_bara
_erda
_cJO-AjNU
041 _aara
050 1 4 _aLB1573 1995
100 3 _aفضل الله،محمد رجب,
_eauthor
_913028
245 0 0 _aالقراءة الحرة للأطفال ووسائل تنميتها في المنزل والمدرسة والمكتبة ووسائل الإعلام
250 _aط1
264 3 1 _aالقاهرة:عالم الكتب،1995
300 _a113ص
336 _atext
_btxt
_2rdacontent
337 _aunmediated
_bn
_2rdamedia
338 _avolume
_bnc
_2rdacarrier
650 4 _aالقراءة-دراسة وتعليم (طفولة مبكرة)
_913029
999 _aA3136
_c6704
_d6704